000 00828nam a2200313Ia 4500
003 OSt
005 20220912153220.0
006 a|||||r|||| 00| 0
007 ta
008 220909b |||||||| |||| 00| 0 eng d
020 _a082478605X
024 _a2613
037 _bAcademic,
037 _cTextual
040 _aCSL
_beng
_cCSL
041 _aeng
082 _aI23:5, N2
100 _aCarroll George C Ed
245 0 _aFungal community: its organization and role in the ecosystems
250 _a2
260 _aNew York
_b Marcel Dekker
_c1992
300 _ap.
_ccm.
650 _a Ecology
650 _a Fungi
650 _aBotany
700 _a Wicklow Donald T Ed
942 _hI23:5, N2
_cTEXL
_2CC
999 _c99299
_d99299